000 00304nam a22001337a 4500
008 181102b xxu||||| |||| 00| 0 eng d
020 _a9780781732079
041 _aeng
080 _22nd
_a610.73
100 _a2
101 _aINF
245 _aHealth Assessment in Nursing
_cWeber,J
942 _2udc
_cBK
999 _c51576
_d51576